| 000 | 00721nam a2200253 a 4500 | ||
|---|---|---|---|
| 001 | 21090 | ||
| 003 | BD-RjUL | ||
| 005 | 20211209000640.0 | ||
| 008 | 140303s1820 enkc 000 1 eng d | ||
| 029 | _a1820 | ||
| 035 | _a17-07403 | ||
| 035 | _a(BD-RjUL) | ||
| 040 |
_aDLC _cOUN _dm.c _dBD-RjUL _beng |
||
| 041 | 1 |
_aeng _hita |
|
| 082 |
_bGIA 1958 _a843 |
||
| 100 | 1 |
_aGide, Andre _d1544-1595. _965181 |
|
| 245 | 1 | 0 |
_aAmyntas / _cTranslated from the French and illustrated by Villiers David |
| 260 |
_aLondon : _bCurwen Press and Bound, _c1958. |
||
| 300 |
_a128 p. : _bfront. (port.) ; _c18 cm |
||
| 650 |
_aEnglish Literature _965662 |
||
| 700 | 1 |
_a Villiers David _965182 |
|
| 942 |
_2ddc _cBK |
||
| 999 |
_c21090 _d21090 |
||